[Event "Wesel Undeloh op"]
[Site "Wesel Undeloh"]
[Date "2005.04.15"]
[Round "3"]
[White "Deyke, Bernhard"]
[Black "Ebbrecht, Peter"]
[Result "0-1"]
[WhiteElo "1379"]
[BlackElo "1621"]
[PlyCount "58"]
[EventDate "2005.04.14"]
[EventType "swiss"]
[EventRounds "7"]
[EventCountry "GER"]
[SourceTitle "EXT 2007"]
[Source "ChessBase"]
[SourceDate "2006.11.23"]
[SourceVersion "1"]
[SourceVersionDate "2006.11.23"]
[SourceQuality "1"]

1. d4 d5 2. c4 c6 3. Nc3 Nf6 4. Nf3 dxc4 5. e4 b5 6. a3 e6 7. Be2 Bb7 8. Bg5 Be7 9. 0-0 Nbd7 10. Re1 0-0 11. Qc2 Re8 12. Rad1 h6 13. Bxf6 Nxf6 14. Ne5 Qc7 15. Ng4 Rad8 16. e5 Nxg4 17. Bxg4 a6 18. Bf3 Rd7 19. Qe2 Red8 20. Qe4 Qb6 21. Ne2 c5 22. d5 Bxd5 23. Qg4 Bxf3 24. gxf3 Rxd1 25. Rxd1 Rxd1+ 26. Kg2 Qc7 27. f4 Qc6+ 28. Kh3 Rd3+ 29. Ng3 Qf3 0-1

[Event "Wesel Undeloh op"]
[Site "Wesel Undeloh"]
[Date "2005.??.??"]
[Round "1"]
[White "Lueders, Gerhard"]
[Black "Ebbrecht, Peter"]
[Result "1-0"]
[WhiteElo "2170"]
[BlackElo "1621"]
[PlyCount "95"]
[EventDate "2005.04.14"]
[EventType "swiss"]
[EventRounds "7"]
[EventCountry "GER"]
[SourceTitle "EXT 2007"]
[Source "ChessBase"]
[SourceDate "2006.11.23"]
[SourceVersion "1"]
[SourceVersionDate "2006.11.23"]
[SourceQuality "1"]

1. d4 d5 2. c3 c6 3. Bg5 Bf5 4. Qb3 Qc7 5. g3 Nd7 6. Bf4 Qb6 7. Nd2 Ngf6 8. Bg2 Nh5 9. Be3 e6 10. f3 Nhf6 11. Bf4 Qxb3 12. axb3 c5 13. g4 Bg6 14. e3 a6 15. Nh3 h6 16. Nf2 Be7 17. 0-0 0-0 18. Ra2 Ne8 19. Rfa1 Bd6 20. Bxd6 Nxd6 21. dxc5 Nxc5 22. b4 Nd3 23. Bf1 Nxf2 24. Kxf2 Rab8 25. Nb3 Rbc8 26. Nc5 Rfd8 27. Rd1 Kf8 28. Raa1 Ke7 29. Be2 f6 30. Rd4 Be8 31. h3 Bc6 32. Rad1 Ra8 33. Ra1 Rac8 34. Bf1 Rf8 35. Kg3 f5 36. Be2 g6 37. Re1 Rcd8 38. Bd1 Nb5 39. Rd2 Nd6 40. Bb3 Rf6 41. Nd3 fxg4 42. hxg4 g5 43. Ne5 Bb5 44. Rh2 Nf7 45. f4 Kd6 46. Nxf7+ Rxf7 47. Rxh6 gxf4+ 48. exf4 1-0